Final Fantasy VII Summon Materia Quiz Stats

 Plays Quiz not verified by Sporcle

Support Sporcle.
Go Orange.
Score 0/18 Timer 07:00
0 Plays Today
Summon Materia % Correct
Shiva
98.6%
Ifrit
98.6%
Ramuh
97.1%
Bahamut
97.1%
Neo Bahamut
95.7%
Bahamut ZERO
94.3%
Knights of the Round
92.9%
Titan
91.4%
Choco/Mog
90%
Summon Materia % Correct
Leviathan
85.7%
Alexander
82.9%
Hades
81.4%
Odin
77.1%
Typoon
75.7%
Kjata
74.3%
Phoenix
74.3%
15.7%
Master Summon
14.3%

You're not logged in!

Compare scores with friends on all Sporcle quizzes.
OR
Log In

From the Vault

Song Title Endings: The Beatles

by lolshortee

We're still waiting for the mop-top to come back in style.
Remove Ads.
Support Sporcle.
Get the best of Sporcle when you Go Orange. This ad-free experience offers more features, more stats, and more fun while also helping to support Sporcle. Thank you for becoming a member.

Show Comments

Extras

Created Mar 14, 2011ReportNominate
Tags:Final Fantasy Quiz, Materia

Top Quizzes Today


Score Distribution

Your Account Isn't Verified!

In order to create a playlist on Sporcle, you need to verify the email address you used during registration. Go to your Sporcle Settings to finish the process.

Report this User

Report this user for behavior that violates our Community Guidelines.

Details: